000 00301nam a2200121Ia 4500
008 190216s9999||||xx |||||||||||||| ||und||
100 _aSamsan Chandru
245 0 _aHindi-Ve Chehare Jo Naheem Multhe
260 _bArchana Publications(Pv) Ltd
_c2009
300 _a244
650 _aHindi
942 _cBK
999 _c16838
_d16838